Matrix : Intermediate : student's book
সংরক্ষণ করুন:
| বিন্যাস: | গ্রন্থ |
|---|---|
| ভাষা: | Undetermined |
| প্রকাশিত: |
Oxford
Oxford University Press
2000
|
| বিষয়গুলি: | |
| ট্যাগগুলো: |
ট্যাগ যুক্ত করুন
কোনো ট্যাগ নেই, প্রথমজন হিসাবে ট্যাগ করুন!
|
| Thư viện lưu trữ: | Trung tâm Học liệu Trường Đại học Cần Thơ |
|---|
| LEADER | 00595nam a2200205Ia 4500 | ||
|---|---|---|---|
| 001 | CTU_96126 | ||
| 008 | 210402s9999 xx 000 0 und d | ||
| 020 | |c 153000 | ||
| 082 | |a 428.0071 | ||
| 082 | |b M433 | ||
| 245 | 0 | |a Matrix : | |
| 245 | 0 | |b Intermediate : student's book | |
| 245 | 0 | |c Kathy Gude, Jayne Wildman | |
| 260 | |a Oxford | ||
| 260 | |b Oxford University Press | ||
| 260 | |c 2000 | ||
| 650 | |a English language | ||
| 904 | |i Năm | ||
| 910 | |a Mai chuyển số PL về 428.0071/M433 theo Mati (dùng cho Matr) | ||
| 980 | |a Trung tâm Học liệu Trường Đại học Cần Thơ | ||